000 00710cam a22001577a 4500
008 180718b1999 xxu||||| |||| 00| 0 eng d
020 _a8187218150
082 _aC41x54 P17
100 _aPal, R.M.
245 _aProtection of human rights: a critique with special reference to SC/STs, the girl child/women belonging to SC/STs, marginalised section and the minorities : proceedings of the national seminar held on 13 and 14 November 1998 at the Indian Social Institute
_cby R.M. Pal
260 _aNew Delhi
_bIndian Social Institute
_c1999
300 _a235p.
650 _aWomenメs rights --India --Congre
650 _aChildrenメs rights --India --Congresses
650 _aHuman rights --India --Congresses
999 _c389982
_d389982